000 00629nam a2200229Ia 4500
005 20250326144536.0
008 250326s9999 xx 000 0 und d
020 _a978-1-4129-6743-3
037 _aTextbook
040 _aFMSL
_beng
_cFMSL
041 _aeng
_2eng
084 _aX:9 P6;Q0
_qFMSL
100 _aBerman E M
_9740889
245 0 _aHuman resource management public service
_cBerman E M And Others
250 _a3
260 _aNew Delhi
_bNew Delhi, Sage
_c2010
300 _a434p
365 _b4208.1120000000001
650 _aManagement
942 _cTB
_hX:9 P6;Q0
999 _c1304107
_d1304107